Juventus Scorers in 2010s Champions League - Statistics

General Stats
  • This quiz has been taken 615 times
  • The average score is 19 of 30
Answer Stats
Player Nation Gls % Correct
Arturo Vidal Chile 9
97%
Mario Mandžukić Croatia 10
97%
Paulo Dybala Argentina 11
97%
Gonzalo Higuaín Argentina 10
96%
Cristiano Ronaldo Portugal 6
94%
Álvaro Morata Spain 7
93%
Leonardo Bonucci Italy 2
92%
Miralem Pjanić Bosnia 4
92%
Giorgio Chiellini Italy 2
91%
Juan Cuadrado Colombia 2
90%
Carlos Tevez Argentina 7
86%
Claudio Marchisio Italy 3
82%
Paul Pogba France 2
82%
Andrea Pirlo Italy 1
80%
Stephan Lichtsteiner Switzerland 1
77%
Fernando Llorente Spain 3
67%
Mirko Vučinić Montenegro 2
65%
Blaise Matuidi France 1
60%
Alessandro Matri Italy 2
48%
Dani Alves Brazil 3
48%
Sebastian Giovinco Italy 2
46%
Fabio Quagliarella Italy 6
45%
Daniele Rugani Italy 1
44%
Marko Pjaca Croatia 1
44%
Federico Bernardeschi Italy 1
36%
Stefano Sturaro Italy 1
26%
David Trezeguet France 1
22%
Simone Zaza Italy 1
18%
Vincenzo Iaquinta Italy 1
14%
Mauro Camoranesi Italy 1
11%
No matching quizzes found
Score Distribution
Percent of People with Each Score
Percentile by Number Answered
Your Score History
You have not taken this quiz